00687nam a2200205 a 450000100100000000500170001000800410002702000150006804000250008308200160010810000270012424500320015126000570018330000350024065000290027565000310030404900090033595201200034499900170046400001958420200929170051.0100630s1988 ag ac r 000 p spa d a9504318878 aDO-SdBNPbspacBNPHU aA861bS528m1 aShannon, Pamela94200610aMomentos /cPamela Shannon. aBuenos Aires, Argentina :bEdiciones Athenas,c1988. a53 p. :bil., retrs. ;c20 cm. 4aPoesía argentina93859 4aLiteratura argentina93860 aBNGR 001054708MOaGRbGRcCTd2010-06-30iLF1l0oA861 S528mp19584-10r2020-06-25w2020-06-25y4ZPréstamo en sala c19100d19100